| 000 | 00891nam a22001937a 4500 | ||
|---|---|---|---|
| 003 | BR-ViAPE | ||
| 005 | 20260409135054.0 | ||
| 008 | 260409s1911 por gs||||s000 0 por d | ||
| 040 | _cBR-ViAPE | ||
| 110 |
_aEspírito Santo _bEstado |
||
| 245 | _aRelatório apresentado ao Exmo. Sr. Dr. Procurador Geral do Estado pelo Bacharel J. J. Bernardes Sobrinho Promotor da Justiça de Santa Leopoldina. | ||
| 260 |
_a[s.l.] _b[s.n.] _c1911 |
||
| 300 |
_a157 p. _bDocumento digitalizado (PDF) |
||
| 500 | _aDocumento digitalizado do acervo institucional do Arquivo Público do Estado do Espírito Santo - APEES. | ||
| 650 |
_xAdministração pública _zEspírito Santo |
||
| 651 |
_aEspírito Santo _xRelatórios governamentais |
||
| 856 |
_uhttps://ape.es.gov.br/Media/ape/PDF/Relatorios/1908/relatorio%203%20-%20ano%201911%20cont.pdf _yCLIQUE AQUI PARA ACESSAR O DOCUMENTO |
||
| 942 |
_2ddc _cMSGREL _n1 |
||
| 999 |
_c479 _d479 |
||